[Event "Aktobe U14 op"]
[Site "Aqtobe"]
[Date "2022.06.15"]
[Round "2"]
[White "Raizakov, Batyrkhan"]
[Black "Kumar, Assylkhan"]
[Result "0-1"]
[WhiteElo "1224"]
[BlackElo "1553"]
[PlyCount "59"]
[EventDate "2022.06.14"]
[EventType "swiss"]
[EventRounds "9"]
[EventCountry "KAZ"]
[SourceTitle "EXT 2023"]
[Source "ChessBase"]
[SourceDate "2022.10.05"]
[SourceVersion "1"]
[SourceVersionDate "2022.10.05"]
[SourceQuality "1"]

1. e4 c6 2. d4 d5 3. exd5 cxd5 4. Bd3 Nc6 5. c3 Qc7 6. h3 Nf6 7. Nf3 g6 8. 0-0 Bg7 9. Re1 0-0 10. Bg5 Bf5 11. Bh4 Ne4 12. g4 Be6 13. Bxe4 dxe4 14. Rxe4 Bd5 15. Re1 f5 16. Ne5 Nxe5 17. dxe5 Rad8 18. f4 Be6 19. Qf3 fxg4 20. hxg4 Bxe5 21. Qe3 Rxf4 22. Qxe5 Rxg4+ 23. Bg3 Rxg3+ 24. Kf2 Qb6+ 25. Kxg3 Rd3+ 26. Kg2 Bd5+ 27. Kf1 Rf3+ 28. Ke2 Rf2+ 29. Kd1 Bf3+ 30. Kc1 0-1